| 000 | 01653njm a22003737a 4500 | ||
|---|---|---|---|
| 005 | 20100922144013.0 | ||
| 007 | sd ammalaaahaa | ||
| 008 | 100904t xxu||||| |||| 00| 0 hin d | ||
| 028 |
_aSFLP-1234 _bT-SERIES |
||
| 028 |
_aSFLP-1234 _bT-SERIES |
||
| 028 |
_aSFLP-1234 _bT-SERIES |
||
| 035 | _aGR-07795 | ||
| 040 | _aSED/VEN | ||
| 100 |
_aKishore Kumar _91184 |
||
| 245 |
_aPyar Ka Mandir (Part-1) _bHindi Film / _cby Kishore Kumar & AlkaYagnik; Music by Laxmikant-Pyarelal; Lyric by Anand Bakshi _h[Sound Recording] : |
||
| 246 | _aप्यार का मंदिर (किशोर कुमार और अलका यागनिक) | ||
| 250 | _aP-1984 | ||
| 260 |
_aDum Dum, India : _bT-SERIES _cP-1987 |
||
| 300 |
_a1 sound disc [Gramophone Recording] : _banalog, 33 1/3 rpm ; _c12 in. [LP] _fGramophone Records |
||
| 500 | _aBrief Records | ||
| 500 | _aRecord Lables: T-SERIES, Mehroon | ||
| 505 | _aगीत साइड-1; प्यार के पहले कदम पे (प्यार का मंदिर) (किशोर कुमार और अलका यागनिक), गीत साइड-2; ऐ दुनिया तुझको सलाम (किशोर कुमार और कोरस) (भाग-2) | ||
| 600 |
_aKishore Kumar _920735 |
||
| 650 |
_aClassical Music _xExcerpts _zIndia _918309 |
||
| 700 |
_918319 _aYagnik, Alka |
||
| 700 |
_918320 _aChorus |
||
| 700 | _919413 | ||
| 700 | _919439 | ||
| 700 | _921090 | ||
| 700 | _921091 | ||
| 700 | _921103 | ||
| 942 |
_2ddc _cGR |
||
| 999 |
_c47526 _d47526 |
||